| 000 | 00690nam a2200205 a 4500 | ||
|---|---|---|---|
| 005 | 20240815063715.0 | ||
| 008 | 991125s1990 mx 000 0 spa u | ||
| 020 | _a9684440987 | ||
| 035 | _aUPN01000037002 | ||
| 049 | _aI | ||
| 050 | 4 |
_aSF413 _aR558 |
|
| 100 | 1 | _aRichards, Robert | |
| 245 | 1 | 4 |
_aLas mascotas de la pandilla / _cRobert Richards ; il. de Jacques Gofdstym ; tr. del francés Angelines Torre. |
| 260 |
_aMéxico : _bAlhambra Mexicana : _bCONACYT, _c1990. |
||
| 300 |
_a92 p. : _bil. |
||
| 440 | 3 |
_aLa pandilla científica ; _v6 |
|
| 650 | 4 |
_aAnimales _xHábitos y comportamiento _91059 |
|
| 650 | 4 |
_aANIMALES DOMESTICOS - _xALIMENTACION Y ALIMENTOS _94731 |
|
| 905 | _aInfantil | ||
| 999 |
_c37002 _d37002 |
||